banner koha

Ensaios cooperativos de controle químico de mofo branco na cultura da soja: safras 2009 a 2012 (Registro n. 297941)

MARC details
000 -LÍDER
campo de controle de tamanho fixo 01016nac a22003377a 4500
001 - NÚMERO DE CONTROLE
campo de controle BR2014003896
003 - IDENTIFICADOR DO NÚMERO DE CONTROLE
campo de controle BR-BrBNA
005 - DATA E HORÁRIO DA ÚLTIMA TRANSAÇÃO
campo de controle 20240105124014.0
008 - CAMPO DE DADOS FIXOS--INFORMAÇÃO GERAL
campo de controle de tamanho fixo 230509b bl.|||m| |||| 00| 0 por d
040 ## - FONTE DA CATALOGAÇÃO
Instituição da catalogação original BR-BrBNA
Idioma da catalogação por
Instituição que transcreveu o registro Biblioteca Nacional de Agricultura
072 ## - CÓDIGO DE CATEGORIA DE ASSUNTO
Código de Categoria de Assunto H20
090 ## - NÚMERO DE CHAMADA LOCAL
Número de chamada 0336 BR2014003896
100 1# - ENTRADA PRINCIPAL--NOME PESSOAL
Nome pessoal Meyer, M.C.
100 1# - ENTRADA PRINCIPAL--NOME PESSOAL
Nome pessoal Campos, H.D.
100 1# - ENTRADA PRINCIPAL--NOME PESSOAL
Nome pessoal Godoy, C.V.
100 1# - ENTRADA PRINCIPAL--NOME PESSOAL
Nome pessoal Utiamada, C.M.
110 1# - ENTRADA PRINCIPAL--NOME CORPORATIVO
Nome corporativo ou nome da jurisdição EMBRAPA Soja, Londrina, PR (Brasil)
245 1# - TÍTULO
Título Ensaios cooperativos de controle químico de mofo branco na cultura da soja: safras 2009 a 2012
260 3# - PUBLICAÇÃO, DISTRIBUIÇÃO, ETC.
Local de publicação, distribuição, etc. Londrina, PR (Brasil):
Data da publicação, distribuição, etc. 2013.
300 ## - DESCRIÇÃO FÍSICA
Extensão 100 p.
490 ## - TÍTULO DA SÉRIE
Título da série Documentos - EMBRAPA Soja (Brazil)
Número do volume ou designação sequencial da série no. 345
ISSN - International Standard Serial Number ISSN 1516-781X
500 ## - NOTA GERAL
Nota geral Numerical data; 16 ref.
650 ## - ASSUNTO--TERMO TÓPICO
Cabeçalho tópico ou nome geográfico SOJA
650 ## - ASSUNTO--TERMO TÓPICO
Cabeçalho tópico ou nome geográfico DOENÇA DE PLANTA
650 ## - ASSUNTO--TERMO TÓPICO
Cabeçalho tópico ou nome geográfico FUNGO
650 ## - ASSUNTO--TERMO TÓPICO
Cabeçalho tópico ou nome geográfico FUNGICIDA
650 ## - ASSUNTO--TERMO TÓPICO
Cabeçalho tópico ou nome geográfico CONTROLE QUÍMICO
650 ## - ASSUNTO--TERMO TÓPICO
Cabeçalho tópico ou nome geográfico MOFO BRANCO
909 ## -
-- 202312
-- Lúcia Elande
-- 55
-- Lúcia Elande
942 ## - ELEMENTOS DE ENTRADA ADICIONADOS (KOHA)
Fonte da classificação ou esquema de arquivamento na estante Classificação AGRIS
Ocultar no OPAC Não
Tipo de material Koha Monografia Seriada
Exemplares
Situação do descarte Fonte da classificação ou esquema de arquivamento na estante Situação física Não pode ser emprestado Coleção Biblioteca de origem Biblioteca atual Localização na estante Total de empréstimos Número de telefone completo Código de barras Data de último acesso Tipo de material Koha Fonte de aquisição
  Classificação AGRIS       Biblioteca Nacional de Agricultura - Binagri Biblioteca Nacional de Agricultura - Binagri Agrobase - Acervo Geral   0336 BR2014003896 0336 BR2014003896 18/12/2023 Monografia Seriada Portaria Interministerial nº 164/94

BINAGRI

Telefone: (61)3218-2567/2388/3357/2097 - binagri@agro.gov.br

Ministério da Agricultura e Pecuária , Esplanada dos Ministérios, Bloco D, Anexo B, Brasília/DF, CEP: 70.043-900